Exercise of sovereignty: papers on foreign policy (Record no. 373127)

000 -LEADER
fixed length control field 00476cam a22001457a 4500
008 - FIXED-LENGTH DATA ELEMENTS--GENERAL INFORMATION
fixed length control field 180718b1965 xxu||||| |||| 00| 0 eng d
082 ## - DEWEY DECIMAL CLASSIFICATION NUMBER
Classification number Dx73 M355e
100 ## - MAIN ENTRY--PERSONAL NAME
Personal name Marshall, Charles Burton
245 ## - TITLE STATEMENT
Title Exercise of sovereignty: papers on foreign policy
Statement of responsibility, etc. by Charles Burton Marshall
260 ## - PUBLICATION, DISTRIBUTION, ETC.
Place of publication, distribution, etc. Baltimore
Name of publisher, distributor, etc. Johns Hopkins
Date of publication, distribution, etc. 1965
300 ## - PHYSICAL DESCRIPTION
Extent 283p.
650 ## - SUBJECT ADDED ENTRY--TOPICAL TERM
Topical term or geographic name entry element United States --Foreign relations --20th century
650 ## - SUBJECT ADDED ENTRY--TOPICAL TERM
Topical term or geographic name entry element Sovereignty
650 ## - SUBJECT ADDED ENTRY--TOPICAL TERM
Topical term or geographic name entry element World politics --1955-1965
Holdings
Withdrawn status Lost status Damaged status Not for loan Permanent Location Current Location Date acquired Full call number Barcode Date last seen Price effective from Koha item type
        Indian Institute of Public Administration Indian Institute of Public Administration 1994-06-18 Dx73 M355e 37373 2018-07-21 2018-07-21 Book

Powered by Koha